000 00518nam a2200181 a 4500
005 20140310183303.0
008 050704s19uu xx 00 eng d
020 _a8174732241
050 _aHF 5635
_b.K13 2003
100 _aKaila, Dr. H.L.
245 _aOrganizational behaviour & hrm/.
_cH.L. Kaila.
260 _aNew Delhi :
_bA.I.T.B.S. Publishers and Distributors,
_c2003.
300 _a192 p. :
_c23 cm.
521 _aBSBA
650 _aHuman resource management.
942 _cBK
_2lcc
_kFOR
999 _c21031
_d21031